000 00666nam a2200241Ia 4500
003 OSt
005 20220924123327.0
006 a|||||r|||| 00| 0
007 ta
008 220923b |||||||| |||| 00| 0 hin d
024 _a35973
037 _cTextual
040 _aARTS
_cARTS
_bhin
041 _2hin
_ahin
082 _aQ125:4x4,1:g, 152N1 (P15)
100 _aSurendara Kaur
_9192449
245 0 _aSatyasad srautasutra
_b ek Parishilan
260 _aN.D
_bpadha pub
_c1991
300 _axiv,504p.
_ccm.
650 _aRELIGION
942 _hQ125:4x4,1:g, 152N1 (P15)
_cTEXL
_2CC
999 _c415293
_d415293